The motorcycle book /

Bibliographic Details
Main Author: Scalzo, Joe
Format: Book
Language:English
Published: Englewood Cliffs, N.J. : Prentice-Hall, [1974]
Subjects:

MARC

Tag First Indicator Second Indicator Subfields
LEADER 00000pam a2200000 4500
001 in00000097431
005 20150925114908.0
008 740426s1974 njua 00100 eng
010 |a  74008495  
035 |a (OCoLC)00901193 
035 |9 AAL2891AM 
040 |a DLC  |c DLC  |d TXA  |d UtOrBLW 
049 |a TXAM  
050 0 0 |a TL440  |b .S3 
082 0 |a 796.7/5 
100 1 |a Scalzo, Joe. 
245 1 4 |a The motorcycle book /  |c Drawings by Linda Huber. 
264 1 |a Englewood Cliffs, N.J. :  |b Prentice-Hall,  |c [1974] 
300 |a xi, 210 pages :  |b illustrations ;  |c 29 cm. 
336 |a text  |b txt  |2 rdacontent 
337 |a unmediated  |b n  |2 rdamedia 
338 |a volume  |b nc  |2 rdacarrier 
650 0 |a Motorcycles. 
650 0 |a Motorcycling. 
650 0 |a Motorcycle racing. 
999 |a MARS 
999 f f |s 5b9694ee-cad5-3629-b3ad-50433b53fe19  |i e97c7394-9b18-3f74-8c2e-42fb84959f80  |t 0 
952 f f |p normal  |a Texas A&M University  |b College Station  |c Sterling C. Evans Library  |d Evans: Library Stacks  |t 0  |e TL440 .S3  |h Library of Congress classification  |i unmediated -- volume  |m A14805528995 
998 f f |a TL440 .S3  |t 0  |l Evans: Library Stacks